| 000 | 00704cab a2200229 4500 | ||
|---|---|---|---|
| 001 | ABS55073 | ||
| 008 | 090401t1996 xxu||||| |||| 00| 0 eng d | ||
| 035 | _a(Sirsi) u13984 | ||
| 041 | _aeng | ||
| 100 | _aCrossley-Smith, T. | ||
| 245 | _aDon`t value if it`s outside your area | ||
| 260 | _c1996 | ||
| 350 | _a0 | ||
| 490 |
_aProperty Week _v55(4) 25 April 1996, 27(1) |
||
| 520 | _aLooks at the rules in the RICS Red Book on the surveyors` qualifications for performing a valuation, particularly the issue of local knowledge. | ||
| 650 | _aLOCAL KNOWLEDGE | ||
| 650 | _aNEW RED BOOK | ||
| 650 | _aPRACTICE STATEMENT 5 | ||
| 690 | _aRATING AND VALUATION | ||
| 942 | _n0 | ||
| 948 | _c04/03/1997 | ||
| 999 |
_c9048 _d9048 |
||